| 000 | 01174cam a2200241 4500 | ||
|---|---|---|---|
| 001 | ABS64712 | ||
| 008 | 011018n2001 000 0 eng u | ||
| 035 | _a(Sirsi) u115183 | ||
| 100 | _aWehner, P. | ||
| 245 | _aWill the lord deliver us? | ||
| 260 | _c2001 | ||
| 490 |
_aEstates Gazette _v(0141) 13 October 2001, 51(3) |
||
| 520 | _aExamines the task of former Dome minister Lord Falconer as he attempts to improve the planning system. At the centre of his efforts will be the crucial Green Paper on Planning which is expected before the end of the year. Important aspects of the paper include, improving the status of the public sector's planning professionals and seeing that local authorities give planning a higher priority. Recommends that the provision of affordable housing and other infrastructure projects should be removed from local planning authority control. | ||
| 590 | _aABS | ||
| 650 | _aPLANNING REFORM | ||
| 650 | _aPLANNING SYSTEM | ||
| 650 | _aPLANNING PROFESSION | ||
| 650 | _aLOCAL AUTHORITIES | ||
| 650 | _aBEST VALUE | ||
| 650 | _aPLANNING GAIN | ||
| 690 | _aENVIRONMENTAL AND LAND CONSULTANCY-PLANNING AND DEVELOPMENT | ||
| 942 | _n0 | ||
| 999 |
_c68603 _d68603 |
||